| 000 | 00439pab a2200157 454500 | ||
|---|---|---|---|
| 008 | 180718b1998 xxu||||| |||| 00| 0 eng d | ||
| 100 | _aJhunjhunwala, Ashok | ||
| 245 | _aCan telecom and information technology be for the disadvantaged? | ||
| 260 | _c1998 | ||
| 300 | _ap.321-37 | ||
| 362 | _aApr-Jun | ||
| 650 | _aTelecommunications - India | ||
| 650 | _aTelecommunications | ||
| 773 | _aJournal of Rural Development | ||
| 909 | _a39056 | ||
| 999 |
_c39056 _d39056 |
||